Serbia and Montenegro : Report on the Observance of Standards and Codes; FATF Recommendations for Anti-Money Laundering and Combating the Financing of Terrorism.

This Report assesses Observance of Standards and Codes on the Financial Action Task Force (FATF) Recommendations for Anti-Money Laundering and Combating the Financing of Terrorism (AML/CFT) for Serbia and Montenegro. The assessment reveals that the AML/CFT regime of Serbia still lacks some essential...

Descrizione completa

Dettagli Bibliografici
Ente Autore: International Monetary Fund
Natura: Periodico
Lingua:English
Pubblicazione: Washington, D.C. : International Monetary Fund, 2005.
Serie:IMF Staff Country Reports; Country Report ; No. 2005/435
Accesso online:Full text available on IMF
LEADER 01687cas a2200241 a 4500
001 AALejournalIMF008946
008 230101c9999 xx r poo 0 0eng d
020 |c 5.00 USD 
020 |z 9781451833584 
022 |a 1934-7685 
040 |a BD-DhAAL  |c BD-DhAAL 
110 2 |a International Monetary Fund. 
245 1 0 |a Serbia and Montenegro :   |b Report on the Observance of Standards and Codes; FATF Recommendations for Anti-Money Laundering and Combating the Financing of Terrorism. 
264 1 |a Washington, D.C. :  |b International Monetary Fund,  |c 2005. 
300 |a 1 online resource (21 pages) 
490 1 |a IMF Staff Country Reports 
500 |a <strong>Off-Campus Access:</strong> No User ID or Password Required 
500 |a <strong>On-Campus Access:</strong> No User ID or Password Required 
506 |a Electronic access restricted to authorized BRAC University faculty, staff and students 
520 3 |a This Report assesses Observance of Standards and Codes on the Financial Action Task Force (FATF) Recommendations for Anti-Money Laundering and Combating the Financing of Terrorism (AML/CFT) for Serbia and Montenegro. The assessment reveals that the AML/CFT regime of Serbia still lacks some essential components. On the repressive side, there is not a specific provision on the financing of terrorism. It is possible to confiscate the proceeds of crime, but it is not possible to confiscate money intended to finance an act of terrorism. 
538 |a Mode of access: Internet 
830 0 |a IMF Staff Country Reports; Country Report ;  |v No. 2005/435 
856 4 0 |z Full text available on IMF  |u http://elibrary.imf.org/view/journals/002/2005/435/002.2005.issue-435-en.xml  |z IMF e-Library